000
00253nam a2200097Ia 4500
008
230915s9999 xx 000 0 und d
050
_a
PL 8703.5 .N526 1999
100
_a
NJOGU, KIMANI
245
0
_a
UFUNDISHAJI WA FASIHI: NADHARIA NA MBINU
942
_c
BK
999
_c
176109
_d
176109